000 01268nam2a22002411 4500
001 RU\NLR\INFOCOMM4\1000540916
005 20250617050641.0
035 _a(NLR Aleph) 002470781
090 _a2336163
_c2336163
100 _a20040401d1926 |||y0rusy50 ca
101 0 _arus
102 _aRU
105 _ay |||||||||
200 1 _aПрограмма работ Метеорологического отдела Каменно-степной опытной станции имени В. В. Докучаева
210 _d1926
_aБ. м.
461 0 _1001RU\NLR\INFOCOMM4\1000540900
_12001#$aТруды Каменно-степной селекционной опытной станции$fНКЗСССР. Глав. упр. зерновых культур$vВып.20
_92336037
_aКаменно-степная селекционная станция (Ст. Таловая Юго-Восточной ж. д.)
_cВоронеж
_d1914-1940
_fНКЗСССР. Глав. упр. зерновых культур
_tТруды Каменно-степной селекционной опытной станции
_vВып.20
801 1 _aRU
_bInfoComm
_c20040401
801 0 _aRU
_bNLR
_gPSBO
852 _aNLR
_j124/131
942 _cISSUE
980 _aNB
980 _aRUSPER